| 000 | 00440nam a2200157 i 4500 | ||
|---|---|---|---|
| 001 | 141740 | ||
| 003 | ES-MaACL | ||
| 005 | 20230906200345.0 | ||
| 007 | t| | ||
| 008 | 070927s1964 xxu ||||1| eng d | ||
| 100 | 1 |
_aWachner, Clarence W. _9115796 |
|
| 245 | 1 | 0 |
_aEnglish III / _cClarence W. Wachner. |
| 260 |
_aNew York : _bHolt, Rinchart and Winston, _c[1964] |
||
| 300 |
_aIX, 243 p. ; _c21 cm. |
||
| 852 |
_aES-MaACL _jC-34713 _bR.66063 |
||
| 999 |
_c141740 _d141740 |
||